| 000 | 00522nmm a2200181Ia 4500 | ||
|---|---|---|---|
| 008 | 251105s9999||||xx |||||||||||||||||und|| | ||
| 020 | _a9788425222375 | ||
| 041 | _aspa | ||
| 100 | _aSteegman, Enrique | ||
| 245 | 0 | _aLas medidas en arquitectura | |
| 264 |
_a[Madrid, España] : _bEditorial Gustavo Gili, _c2008 |
||
| 300 | _a191 páginas | ||
| 650 | _aArchitecture & Sculpture | ||
| 700 | _aSteegman, Enrique | ||
| 700 | 1 | _a Acebillo, Jose | |
| 856 | _uhttps://public.digitaliapublishing.com/a/41376 | ||
| 942 | _cCF | ||
| 999 |
_c71699 _d71699 |
||